1541 1936 1721 1448 1954 1027 1258 1737 1423 1351 1174 1144 1626 1512 1556 1499 1337 1487 1407 1317 1412 1182 1023 1735 1993 1125 1553 1778 1812 1998 1230 1466 1933 1626 1890 1700 1287 1972 1801 1758 1793 1962 1153 1525 1028 1333 1019 1826 1753 1292 1394 1943 1874 1993 1621 1468 1633 1759 1168 1751 1807 1455 1884 1779 1732 1278 1062 1808 1135 1611 1550 1169 1509 1970 1211 1874 1805 1844 1610 1324 1693 1468 1824 1691 1075 1716 1380 1810 1813 1566 1499 1042 1769 1992 1509 1721 1919 1957 1465 BCNSPRNW ULIB Ver.6.0+V

เปลี่ยนเป็นภาษาไทย

Change to English
 แสดงรายละเอียดบรรณานุกรม
  กลับหน้าหลัก

Brief Record : Get Marc (ISO 2709) : E-mail record : QR code < ปิดหน้าต่าง
LEADER : 00000nam 2200000uu 4500
001    13399114923
003     ULIB
008    120621s2550||||th 000 0 tha d
020    ^a9749941918
020    ^a9789749941911
060 04 ^aQS4^bบ248ก 2550
100 0  ^aบังอร ฉางทรัพย์
245 10 ^aกายวิภาคศาสตร์ 1 =^bAnatomy 1 /^cบังอร ฉางทรัพย์
246 31 ^aAnatomy 1
250    ^aพิมพ์ครั้งที่ 2
260    ^aกรุงเทพฯ :^bสำนักพิมพ์แห่งจุฬาลงกรณ์มหาวิทยาลัย,^c2550
300    ^a693 หน้า :^bภาพประกอบ ;^c26 ซม.
650  7 ^aกายวิภาคศาสตร์
945    ^p670^l0^i14173
945    ^p670^l0^i14169
945    ^p670^l0^i14936
945    ^p670^l0^i14170
945    ^p670^l0^i14937
945    ^p670^l0^i14172
945    ^p670^l0^i14171
995    ^aกัณชพร
999    ^aใช้งานได้ทุกระบบ
รายการนี้ยังไม่มีแท็ก
คุณยังไม่ได้ล็อกอิน คุณสามารถมีกิจกรรมร่วมกับเว็บไซต์ได้ แต่ต้องล็อกอินก่อน ::
  ล็อกอิน

รายการสื่อสารสนเทศ

ลำดับที่ ประเภท เลขเรียก/บาร์โค้ด สถานที่ สถานะ
1. วิทยาศาสตร์การแพทย์ และสุขภาพ
วิทยาศาสตร์การแพทย์ และสุขภาพ
QS4 บ248ก 2550 ฉ.3 
  Barcode: 14936
ห้องสมุดวิทยาเขตสวรรค์ประชารักษ์
►ส่วนจัดเก็บหนังสือเก่า สปร
บนชั้น
  ขอยืม
2. วิทยาศาสตร์การแพทย์ และสุขภาพ
วิทยาศาสตร์การแพทย์ และสุขภาพ
QS4 บ248ก 2550 ฉ.7 
  Barcode: 14171
ห้องสมุดวิทยาเขตสวรรค์ประชารักษ์
►หนังสือทั่วไป
บนชั้น

รายการใกล้เคียง
    ผู้แต่ง [บังอร ฉางทรัพย์]

    หัวเรื่อง [กายวิภาคศาสตร์]

BibComment


ยังไม่เคยถูกคอมเมนท์

คอมเมนท์ทรัพยากรรายการนี้
  คอมเมนท์: กายวิภาคศาสตร์ 1..


 Copyright 2026. Bcnsprnw @Library